|
|
|
|
| LEADER |
01062nam a2200229 i 4500 |
| 003 |
GR-PaULI |
| 005 |
20230515135556.0 |
| 008 |
180628s2003 gr ||||g |||| 00| 0 gre d |
| 040 |
|
|
|a GR-PaULI
|b gre
|c GR-PaULI
|e AACR2
|
| 041 |
1 |
|
|a gre
|k eng
|
| 082 |
0 |
4 |
|2 23
|a 812.54
|
| 100 |
1 |
|
|a Albee, Edward,
|d 1928-2016.
|e συγγραφέας
|9 104575
|
| 245 |
1 |
0 |
|a Ευαίσθητη ισορροπία /
|c Έντουαρντ Άλμπη ; μετάφραση Νόνικα Γαλινέα.
|
| 260 |
|
|
|a [Αθήνα] :
|b Θεατρική Σκηνή Αθήναις,
|c 2003.
|
| 300 |
|
|
|a 114 σ. :
|b εικ. ;
|c 24 εκ.
|
| 500 |
|
|
|a Θεατρική παράσταση.
|
| 700 |
1 |
|
|9 169816
|a Γαληνέα, Νόνικα,
|d 1936-
|e μεταφράστρια
|
| 765 |
0 |
5 |
|i Μετάφραση του:
|t A delicate balance.
|
| 942 |
|
|
|2 ddc
|c BK15
|
| 952 |
|
|
|0 0
|1 0
|2 ddc
|4 0
|6 812_540000000000000_ALB
|7 0
|9 223730
|a LISP
|b LISP
|c DON
|d 2018-06-28
|e ΒΑΛ
|i 129803
|l 0
|o 812.54 ALB
|p 025000247189
|r 2018-06-28 00:00:00
|t 1
|v 2018.00
|w 2018-06-28
|y BK15
|
| 998 |
|
|
|c ΣΑΤΛΑΝΗΣ
|d 2018-06
|
| 999 |
|
|
|c 135177
|d 135177
|